000 01413nam a2200229Ia 4500
003 Ost
005 20260507075653.0
008 260507s9999||||xx |||||||||||||| ||und||
040 _cfsecg
041 _aara
082 _a332.1069
100 _aبن ميرة، آمنة بواشرى بنت
_eمؤلف
245 0 _aتوجه القيادات الإدارية العربية في ظل العولمة :
_bدراسة استطلاعية تحسيسية لعينة من المديرين في القطاع المصرفي في العراق ومصر والجزائر والأردن /
_c آمنة بواشرى بنت بن ميرة
260 _aالإسكندرية:
_bدار الفكر الجامعي,
_c2005
300 _a328 صفحة؛
_bإيضاحات ؛
_c24 سم
520 _aمدخل نظري عام في الإدارة العاملة للعولمة- خصائص المدير العالمي- توجهات القيادات الإدارية العربية العليا في ظل العولمة- الدراسات السابقة ومنهجية البحث الميداني- عرض وتحليل استجابات أفراد عينة البحث- اختبار فرضيات البحث وتحليلها- الإستنتاجات والتوصيات.
653 _aالعالم العربي
653 _aالعولمة
653 _aالقيادة
653 _aالمصارف- تنظيم وإدارة
942 _cكتاب
999 _c45642
_d45642